| 000 | 00654nam a2200217Ia 4500 | ||
|---|---|---|---|
| 005 | 20241129104405.0 | ||
| 008 | 241129s9999||||xx |||||||||||||| ||und|| | ||
| 020 | _a9781478025238 | ||
| 037 | _aTextual | ||
| 040 |
_aRTL _beng _cRTL |
||
| 041 |
_aeng _2eng |
||
| 084 |
_aY15:47.44Q7 R3 _qRTL |
||
| 100 |
_aKashmani Omar _9726161 |
||
| 245 | 0 |
_aPakistan Desires: Queer futures elsewhere _cKashmani Omar |
|
| 260 |
_aUK _bDuke university press _c2023 |
||
| 300 | _axii,274p. | ||
| 365 |
_aINR _b2331.58 |
||
| 650 |
_aSexual Minority; Gender identity pakistan _9726162 |
||
| 942 |
_cTB _hY15:47.44Q7 R3 |
||
| 999 |
_c1225686 _d1225686 |
||